| 000 | 00662nam a22002177a 4500 | ||
|---|---|---|---|
| 005 | 20250723152139.0 | ||
| 008 | 250723b |||||||| |||| 00| 0 eng d | ||
| 020 | _a978-81-309-1012-3(hbk) | ||
| 037 | _cTB | ||
| 040 |
_aAL _cAL |
||
| 041 |
_2eng _aeng |
||
| 084 |
_aX.2'C Q1;Q8 _qTB |
||
| 100 |
_aShamra, R. S. _9816339 |
||
| 245 | _aEconomic history of early India | ||
| 260 |
_aNew Delhi, India: _bViva Books, _c2011 |
||
| 300 | _a182p. | ||
| 365 |
_b695.00 _cINR |
||
| 650 | _2ECONOMICS | ||
| 942 |
_2CC _cTB _hX.2'C Q1;Q8 _n0 |
||
| 999 |
_c1434214 _d1434214 |
||